Численный расчет электронных пушек: перевод №41/ЭТ-3669

Bibliographische Detailangaben
1. Verfasser: Линн Х.
Weitere Verfasser: Пешль Кл.
Sprache:Russisch
Veröffentlicht: Москва, Электроника, 1968
Schriftenreihe:Переводы иностранной литературы
Schlagworte:
Format: MixedMaterials Buch
KOHA link:https://koha.lib.tpu.ru/cgi-bin/koha/opac-detail.pl?biblionumber=115981

MARC

LEADER 00000nam0a2200000 4500
001 115981
005 20231031123028.0
035 |a (RuTPU)RU\TPU\book\125491 
090 |a 115981 
100 |a 20070516d1968 km y0rusy50 ca 
101 1 |a rus  |c ger 
102 |a RU 
105 |a y z 001zy 
200 1 |a Численный расчет электронных пушек  |e перевод №41/ЭТ-3669  |f Х. Линн, Кл. Пешль 
210 |a Москва  |c Электроника  |d 1968 
215 |a 14 с. 
225 1 |a Переводы иностранной литературы 
320 |a Библиогр.: с. 14. 
610 1 |a электроника 
610 1 |a электронные пушки 
610 1 |a СВЧ 
610 1 |a численные расчеты 
610 1 |a переводы 
675 |a 621.385.112  |v 3 
700 1 |a Линн  |b Х. 
701 1 |a Пешль  |b Кл. 
801 1 |a RU  |b 63413507  |c 20070516  |g PSBO 
801 2 |a RU  |b 63413507  |c 20080114  |g PSBO 
942 |c BK